ბათუმის შოთა რუსთაველის სახელმწიფო უნივერსიტეტის ბიბლიოთეკა

Россия:характеры,ситуации,мнения : (ბიბ.ჩანაწერი № 41280)

000 -LEADER
fixed length control field 01015nam a2200253Ia 4500
001 - CONTROL NUMBER
control field 7935
003 - CONTROL NUMBER IDENTIFIER
control field GE_BSU
005 - DATE AND TIME OF LATEST TRANSACTION
control field 20221003124801.0
008 - FIXED-LENGTH DATA ELEMENTS--GENERAL INFORMATION
fixed length control field 181216sru 2012xx |||||||||||||| ||rus||
020 ## - INTERNATIONAL STANDARD BOOK NUMBER
International Standard Book Number 9785865476153
040 ## - CATALOGING SOURCE
Transcribing agency GE_BSU
041 ## - LANGUAGE CODE
Language code of text/sound track or separate title rus
080 ## - UNIVERSAL DECIMAL CLASSIFICATION NUMBER
Universal Decimal Classification number 811.161.1 Р-12
100 ## - MAIN ENTRY--PERSONAL NAME
Personal name Голубева, А.В.
9 (RLIN) 14961
245 ## - TITLE STATEMENT
Title Россия:характеры,ситуации,мнения :
Remainder of title Выпуск 2. Ситуации. /
Statement of responsibility, etc. А.В. Голубева, А.И. адорина, Ред.И.В.Евстратова
250 ## - EDITION STATEMENT
Edition statement 3-е изд.
264 ## - PRODUCTION, PUBLICATION, DISTRIBUTION, MANUFACTURE, AND COPYRIGHT NOTICE
Place of production, publication, distribution, manufacture СПБ :
Name of producer, publisher, distributor, manufacturer Златоуст,
Date of production, publication, distribution, manufacture, or copyright notice 2011.
300 ## - PHYSICAL DESCRIPTION
Extent 148 стр:
Dimensions 30 см.
653 ## - INDEX TERM--UNCONTROLLED
keyword Россия:характеры,ситуации,мнения
653 ## - INDEX TERM--UNCONTROLLED
keyword რუსეთი: პერსონაჟები, სიტუაციები, მოსაზრებები
700 ## - ADDED ENTRY--PERSONAL NAME
Personal name Задорина, А.И.
9 (RLIN) 14962
700 ## - ADDED ENTRY--PERSONAL NAME
Personal name Евстратова, .И.В
Relator term რედაქტორი
9 (RLIN) 14963
942 ## - ADDED ENTRY ELEMENTS (KOHA)
Koha item type წიგნი
Source of classification or shelving scheme
ეგზემპლარები
Withdrawn status Lost status Source of classification or shelving scheme Damaged status Not for loan Permanent Location Current Location Shelving location Date acquired Cost, normal purchase price Full call number Barcode Date last seen Copy number Price effective from Koha item type Public note
          ბათუმის შოთა რუსთაველის სახელმწიფო უნივერსიტეტის მთავარი ბიბლიოთეკა ბათუმის შოთა რუსთაველის სახელმწიფო უნივერსიტეტის მთავარი ბიბლიოთეკა წიგნსაცავი 2018-12-17 20.00 811.161.1 Р-12 24408 2018-12-17 24408 2018-12-17 წიგნი 20.00
          ბათუმის შოთა რუსთაველის სახელმწიფო უნივერსიტეტის მთავარი ბიბლიოთეკა ბათუმის შოთა რუსთაველის სახელმწიფო უნივერსიტეტის მთავარი ბიბლიოთეკა წიგნსაცავი 2018-12-17 20.00 811.161.1 Р-12 24409 2018-12-17 24409 2018-12-17 წიგნი 20.00
          ბათუმის შოთა რუსთაველის სახელმწიფო უნივერსიტეტის მთავარი ბიბლიოთეკა ბათუმის შოთა რუსთაველის სახელმწიფო უნივერსიტეტის მთავარი ბიბლიოთეკა წიგნსაცავი 2018-12-17 20.00 811.161.1 Р-12 24410 2018-12-17 24410 2018-12-17 წიგნი 20.00
          ბათუმის შოთა რუსთაველის სახელმწიფო უნივერსიტეტის მთავარი ბიბლიოთეკა ბათუმის შოთა რუსთაველის სახელმწიფო უნივერსიტეტის მთავარი ბიბლიოთეკა წიგნსაცავი 2018-12-17 20.00 811.161.1 Р-12 24411 2018-12-17 24411 2018-12-17 წიგნი 20.00
          ბათუმის შოთა რუსთაველის სახელმწიფო უნივერსიტეტის მთავარი ბიბლიოთეკა ბათუმის შოთა რუსთაველის სახელმწიფო უნივერსიტეტის მთავარი ბიბლიოთეკა წიგნსაცავი 2018-12-17 20.00 811.161.1 Р-12 24412 2018-12-17 24412 2018-12-17 წიგნი 20.00